| 000 | 00470nam a22001817a 4500 | ||
|---|---|---|---|
| 003 | CEME | ||
| 005 | 20210628205624.0 | ||
| 008 | 210129b xxu||||| |||| 00| 0 eng d | ||
| 020 | _a969-35-0300-7 | ||
| 040 | _c. | ||
| 082 | _a910.4 TAR'D | ||
| 100 |
_aTarar, Mustansar Hussain Mustansar Hussain Tarar _976299 |
||
| 245 | _aDais hooey perdais | ||
| 260 |
_aLAHORE _bSANG-E-MEEL _c1997 |
||
| 300 | _a280P | ||
| 650 |
_aURDU ADAB-SAFAR NAMA _966376 |
||
| 942 |
_cBK _2ddc |
||
| 999 |
_c581694 _d581694 |
||